000 01364nam a2200241 a 4500
001 000015284
005 20240412074243.0
008 100204s2002 dr 000 0 spa d
020 _z333333333
040 _aDO-SdBNP
_bspa
_cBNPHU
082 _aRD863.5
_bC334p
110 2 _aCasa de teatro (República Dominicana)
_926649
245 1 0 _aPremio Internacional de Cuento 2002 /
_cedición Vivian Lechuga.
260 _aSanto Domingo :
_bCasa de teatro,
_c2002.
300 _a125 p. ;
_c20 cm.
505 2 _aPrimer premio. A. M. / José M. Fernández Pequeño (Cuba) -- Segundo premio. Sobrevolando la bruma / Zelmar Acevedo Díaz (Argentina) -- Tercer premio. Caracas / Oliverio Coelho (Argentina) --Mención. El dorso de los días / Ariadna Vásquez Germán (República Dominicana) --Mención. Telón/ Marta Ortiz (Argentina) --Mención. El enemigo / Ángel González Quesada (España) --Mensión. La isla / Luis Martín Gómez (República Dominicana) -- Mención. Tu cuerpo como la noche / Enrique Plata Ramírez (Venezuela) -- Mención. La mujer en el balcón / María Fasce (Argentina).
650 0 _aLiteratura dominicana.
_967
650 4 _aPremios literarios
_zRepública Dominicana
_934564
650 4 _aCuentos dominicanos
_xColección
_934565
700 1 _aLechuga, Vivian,
_eed.
_910977
910 _aValidado. Control de calidad BNPHU
049 _aBNPD
999 _c14850
_d14850